| 000 | 005540000a22001930004500 | ||
|---|---|---|---|
| 003 | LK-CoMWRAF | ||
| 005 | 20230824214404.0 | ||
| 008 | 230817t2005 ||||| |||| 00| 0 eng d | ||
| 020 | _a0330415018 | ||
| 040 |
_aLK-CoMWRAF _dLK-CoMWRAF _eLK-CoMWRAF |
||
| 041 | _aeng | ||
| 082 |
_a821.008 CHA _bCHA |
||
| 100 | _aChatterjee, Debjani | ||
| 245 |
_aMasala: _bPoems from India, Bangladesh, Pakistan and Sri Lanka |
||
| 260 |
_bMacmillan Children's Books _aLondon _c2005 |
||
| 300 | _a197 p | ||
| 650 | _a Children's poetry, Indic (English); | ||
| 942 | _cBK | ||
| 999 |
_c2349 _d2349 |
||